00442nam a2200145Ia 4500100001900000650001600019250000600035942000700041366000700048245003700055260003500092546001200127999001700139952014000156 aZill/Dennis G  aMathematics a3 cBK f20 aAdvanced Engineering Mathematics bNarosa Publication Housec2006 aENGLISH c34461d34461 001040708CRCaCRCEbCRCEd2023-03-17eDharma Enterprisesg360.00i298 dt 28/04/2009l0o p19652r2023-03-17v450.00w0000-00-00yBK